<?xml version="1.0" encoding="UTF-8"?>
<record
    xmlns:xsi="http://www.w3.org/2001/XMLSchema-instance"
    xsi:schemaLocation="http://www.loc.gov/MARC21/slim http://www.loc.gov/standards/marcxml/schema/MARC21slim.xsd"
    xmlns="http://www.loc.gov/MARC21/slim">

  <leader>01790cam a2200349 a 4500</leader>
  <controlfield tag="003">EG-GiCUC</controlfield>
  <controlfield tag="005">20250223030630.0</controlfield>
  <controlfield tag="008">120603s2012    ua d   f m    000 0 eng d</controlfield>
  <datafield tag="040" ind1=" " ind2=" ">
    <subfield code="a">EG-GiCUC</subfield>
    <subfield code="b">eng</subfield>
    <subfield code="c">EG-GiCUC</subfield>
  </datafield>
  <datafield tag="041" ind1="0" ind2=" ">
    <subfield code="a">eng</subfield>
  </datafield>
  <datafield tag="049" ind1=" " ind2=" ">
    <subfield code="a">Deposite</subfield>
  </datafield>
  <datafield tag="097" ind1=" " ind2=" ">
    <subfield code="a">Ph.D</subfield>
  </datafield>
  <datafield tag="099" ind1=" " ind2=" ">
    <subfield code="a">Cai01.11.15.Ph.D.2012.Ya.I</subfield>
  </datafield>
  <datafield tag="100" ind1="0" ind2=" ">
    <subfield code="a">Yasser Khamis Mohamed Abdallah</subfield>
  </datafield>
  <datafield tag="245" ind1="1" ind2="0">
    <subfield code="a">Infertility treatment outcome evaluation in infertile obese patients undergoing intracytoplasmic sperm injection / </subfield>
    <subfield code="c">Yasser Khamis Mohamed Abdallah ; Supervised Ismael Ibrahim Aboulfoutouh , Hazem Salah Eldeen Elashmawi , Mohamed Nagi Mohesen</subfield>
  </datafield>
  <datafield tag="246" ind1="1" ind2="5">
    <subfield code="a">&#x62A;&#x642;&#x64A;&#x64A;&#x645; &#x646;&#x627;&#x62A;&#x62C; &#x639;&#x644;&#x627;&#x62C; &#x627;&#x644;&#x639;&#x642;&#x645; &#x641;&#x64A; &#x645;&#x631;&#x636;&#x649; &#x627;&#x644;&#x633;&#x645;&#x646;&#x629; &#x639;&#x646; &#x637;&#x631;&#x64A;&#x642; &#x627;&#x644;&#x62D;&#x642;&#x646; &#x627;&#x644;&#x645;&#x62C;&#x647;&#x631;&#x649; &#x644;&#x644;&#x633;&#x64A;&#x62A;&#x648;&#x628;&#x644;&#x627;&#x632;&#x645;</subfield>
  </datafield>
  <datafield tag="260" ind1=" " ind2=" ">
    <subfield code="a">Cairo : </subfield>
    <subfield code="b">Yasser Khamis Mohamed Abdallah , </subfield>
    <subfield code="c">2012</subfield>
  </datafield>
  <datafield tag="300" ind1=" " ind2=" ">
    <subfield code="a">105 P. : </subfield>
    <subfield code="b">charts ; </subfield>
    <subfield code="c">25cm</subfield>
  </datafield>
  <datafield tag="502" ind1=" " ind2=" ">
    <subfield code="a">Thesis (Ph.D.) - Cairo University - Faculty of Medicine - Department of Gynecology and Obstetrics</subfield>
  </datafield>
  <datafield tag="520" ind1=" " ind2=" ">
    <subfield code="a">The aim of this study to observe the impact of obesity on the outcome of IVF and ICSI cycles and to compare the outcome of IVF or ICSI treatments in obese patients to that in morbidly obese patients. A total of 120 patients undergoing ICSI cycles were categorized on the basis of body mass index: (group A 30-34.9 group B {u2265}35 and group C{u227A} 30</subfield>
  </datafield>
  <datafield tag="530" ind1=" " ind2=" ">
    <subfield code="a">Issued also as CD</subfield>
  </datafield>
  <datafield tag="653" ind1=" " ind2="4">
    <subfield code="a">Assisted reproduction treatment</subfield>
  </datafield>
  <datafield tag="653" ind1=" " ind2="4">
    <subfield code="a">Body mass index</subfield>
  </datafield>
  <datafield tag="653" ind1=" " ind2="4">
    <subfield code="a">IVF</subfield>
  </datafield>
  <datafield tag="700" ind1="0" ind2=" ">
    <subfield code="a">Hazem Salah Eldeen Elashmawi , </subfield>
    <subfield code="e">Supervisor</subfield>
  </datafield>
  <datafield tag="700" ind1="0" ind2=" ">
    <subfield code="a">Ismael Ibrahim Aboulfoutouh , </subfield>
    <subfield code="e">Supervisor</subfield>
  </datafield>
  <datafield tag="700" ind1="0" ind2=" ">
    <subfield code="a">Mohamed Nagi Mohesen , </subfield>
    <subfield code="e">Supervisor</subfield>
  </datafield>
  <datafield tag="856" ind1=" " ind2=" ">
    <subfield code="u">http://172.23.153.220/th.pdf</subfield>
  </datafield>
  <datafield tag="905" ind1=" " ind2=" ">
    <subfield code="a">Nazla</subfield>
    <subfield code="e">Revisor</subfield>
  </datafield>
  <datafield tag="905" ind1=" " ind2=" ">
    <subfield code="a">Samia</subfield>
    <subfield code="e">Cataloger</subfield>
  </datafield>
  <datafield tag="942" ind1=" " ind2=" ">
    <subfield code="2">ddc</subfield>
    <subfield code="c">TH</subfield>
  </datafield>
  <datafield tag="999" ind1=" " ind2=" ">
    <subfield code="c">38754</subfield>
    <subfield code="d">38754</subfield>
  </datafield>
  <datafield tag="952" ind1=" " ind2=" ">
    <subfield code="2">ddc</subfield>
    <subfield code="7">0</subfield>
    <subfield code="a">CUCL</subfield>
    <subfield code="b">cl210</subfield>
    <subfield code="d">2024-02-11</subfield>
    <subfield code="o">Cai01.11.15.Ph.D.2012.Ya.I</subfield>
    <subfield code="p">01010110057938000</subfield>
    <subfield code="r">2023-09-22 00:00:00</subfield>
    <subfield code="y">TH</subfield>
  </datafield>
  <datafield tag="952" ind1=" " ind2=" ">
    <subfield code="2">ddc</subfield>
    <subfield code="7">0</subfield>
    <subfield code="a">CUCL</subfield>
    <subfield code="b">cl2u8</subfield>
    <subfield code="d">2024-02-11</subfield>
    <subfield code="o">Cai01.11.15.Ph.D.2012.Ya.I</subfield>
    <subfield code="p">01020110057938000</subfield>
    <subfield code="r">2023-09-22 00:00:00</subfield>
    <subfield code="t">57938.CD</subfield>
    <subfield code="y">CD</subfield>
  </datafield>
</record>
